Los que van a morir te saludan / (Record no. 47889)

MARC details
000 -LEADER
campo de control de longitud fija 00682nam a2200241 i 4500
001 - NÚMERO DE CONTROL
campo de control 47889
003 - IDENTIFICADOR DE NÚMERO DE CONTROL
campo de control ES-MaACL
005 - FECHA Y HORA DE LA ÚLTIMA TRANSACCIÓN
campo de control 20230906161645.0
007 - CAMPO FIJO DE DESCRIPCIÓN FÍSICA--INFORMACIÓN GENERAL
campo de control de longitud fija t|
008 - DATOS DE LONGITUD FIJA--INFORMACIÓN GENERAL
campo de control de longitud fija 030625s2002 sp ||||0| spa j
020 ## - NÚMERO INTERNACIONAL ESTÁNDAR DEL LIBRO
Número Internacional Estándar del Libro 84-7844-594-3
040 ## - FUENTE DE CATALOGACIÓN
Centro catalogador/agencia de origen M-BN
Lengua de catalogación spa
Centro/agencia transcriptor M-BN
080 ## - NÚMERO DE LA CLASIFICACIÓN DECIMAL UNIVERSAL
Número de la Clasificación Decimal Universal 821.133.1-31"19"
100 1# - ENTRADA PRINCIPAL--NOMBRE DE PERSONA
Nombre de persona Vargas, Fred.
9 (RLIN) 113193
245 10 - MENCIÓN DEL TÍTULO
Título Los que van a morir te saludan /
Mención de responsabilidad, etc. Fred Vargas ; traducción de Blanca Riestra.
260 ## - PUBLICACIÓN, DISTRIBUCIÓN, ETC.
Lugar de publicación, distribución, etc. Madrid :
Nombre del editor, distribuidor, etc. Siruela,
Fecha de publicación, distribución, etc. [2002]
300 ## - DESCRIPCIÓN FÍSICA
Extensión 190 p ;
Dimensiones 22 cm.
490 1# - MENCIÓN DE SERIE
Mención de serie Nuevos tiempos ;
Designación de volumen o secuencia 8
830 0# - PUNTO DE ACCESO ADICIONAL DE SERIE-TÍTULO UNIFORME
Título uniforme Nuevos tiempos ;
Designación de volumen o secuencia 8
9 (RLIN) 184215
852 ## - LOCALIZACIÓN
Ubicación ES-MaACL
Número de control de estantería L-26456
Sublocalización o colección R.131464
Holdings
Estatus retirado Estado de pérdida Estado de daño No para préstamo Biblioteca de origen Biblioteca actual Ubicación en estantería Fecha de adquisición Fuente de adquisición Total de préstamos Signatura topográfica completa Código de barras Visto por última vez Precio de reemplazo Tipo de ítem Koha
        Biblioteca del Ateneo de Madrid Biblioteca del Ateneo de Madrid Depósito 2 17/01/2008     L-26456 1050399 23/02/2023 23/02/2023 Libro impreso